Islam aik nazar main (Record no. 321379)
[ view plain ]
| 000 -LEADER | |
|---|---|
| fixed length control field | 00261 a2200109 4500 |
| 001 - CONTROL NUMBER | |
| control field | 86306 |
| 082 ## - DEWEY DECIMAL CLASSIFICATION NUMBER | |
| Classification number | 297.2 ISL |
| 090 ## - LOCALLY ASSIGNED LC-TYPE CALL NUMBER (OCLC); LOCAL CALL NUMBER (RLIN) | |
| -- | 40571 |
| -- | 40571 |
| 100 ## - MAIN ENTRY--PERSONAL NAME | |
| Personal name | Sadder ud Din Islahi |
| 245 ## - TITLE STATEMENT | |
| Title | Islam aik nazar main |
| 260 ## - PUBLICATION, DISTRIBUTION, ETC. | |
| Place of publication, distribution, etc. | Lahore |
| Name of publisher, distributor, etc. | Islamic Publications |
| Date of publication, distribution, etc. | 2008 |
| 942 ## - ADDED ENTRY ELEMENTS (KOHA) | |
| Institution code [OBSOLETE] | NUST-CAE |
| Call number prefix | 297.2 ISL |
| Withdrawn status | Lost status | Damaged status | Not for loan | Collection code | Permanent Location | Current Location | Date acquired | Total Checkouts | Full call number | Barcode | Date last seen | Price effective from | Koha item type |
|---|---|---|---|---|---|---|---|---|---|---|---|---|---|
| College of Aeronautical Engineering (CAE) | College of Aeronautical Engineering (CAE) | 04/03/2017 | 297.2 ISL | CAEN-5882 | 04/05/2017 | 04/05/2017 | Book |
